SYRIAC CHRISTIANITY IN THE EAST (Record no. 134473)

MARC details
000 -LEADER
fixed length control field 00509nam a22001817a 4500
003 - CONTROL NUMBER IDENTIFIER
control field OSt
005 - DATE AND TIME OF LATEST TRANSACTION
control field 20220720104040.0
008 - FIXED-LENGTH DATA ELEMENTS--GENERAL INFORMATION
fixed length control field 220720b |||||||| |||| 00| 0 eng d
040 ## - CATALOGING SOURCE
Transcribing agency SBCL
082 ## - DEWEY DECIMAL CLASSIFICATION NUMBER
Classification number 281.5
Item number HAG-S
100 ## - MAIN ENTRY--PERSONAL NAME
Personal name HAGE,WOLFGANG
245 ## - TITLE STATEMENT
Title SYRIAC CHRISTIANITY IN THE EAST
260 ## - PUBLICATION, DISTRIBUTION, ETC.
Place of publication, distribution, etc. KOTTAYAM
Name of publisher, distributor, etc. ST. EPHREM ECUMENICAL RESEARCH INSTITUTE
Date of publication, distribution, etc. 1986
300 ## - PHYSICAL DESCRIPTION
Extent 93p,
630 ## - SUBJECT ADDED ENTRY--UNIFORM TITLE
General subdivision PGR
650 ## - SUBJECT ADDED ENTRY--TOPICAL TERM
Topical term or geographic name entry element Christian denominations & sects
942 ## - ADDED ENTRY ELEMENTS (KOHA)
Koha item type BOOK
650 ## - SUBJECT ADDED ENTRY--TOPICAL TERM
Source of heading or term Religion
Form subdivision Early church & Eastern churches
Holdings
Withdrawn status Lost status Source of classification or shelving scheme Damaged status Not for loan Home library Current library Date acquired Cost, normal purchase price Total Checkouts Full call number Barcode Shelving location Date last seen Price effective from Koha item type
    Dewey Decimal Classification     SB LIBRARY SB LIBRARY 20/07/2022 50.00   281.5 HAG-S 00141737 POST GRADUATE REFERENCE 20/07/2022 20/07/2022 BOOK

Powered by Koha